| 000 | 00944nam a22002415i 4500 | ||
|---|---|---|---|
| 001 | 154085 | ||
| 003 | ES-MaACL | ||
| 005 | 20250714063112.0 | ||
| 008 | 050727s1798 it | |||||||| ||ita d | ||
| 040 |
_aCAM _bspa _cCAM |
||
| 100 | 1 |
_aFilangieri, Gaetano, _d1752-1788 _eaut _950821 |
|
| 245 | 1 | 3 |
_aLa scienza della legislazione. _bTomo II / _cdel cittadino Gaetano Filangieri |
| 260 |
_aIn Genova : _bPresso Ivone Gravier Librajo, _c1798. |
||
| 300 |
_a279 páginas ; _c8º. |
||
| 530 | _aDisponible en formato digital | ||
| 597 | _aSign.: a-q8, r12. | ||
| 650 | 4 |
_aLegislación. _9136347 |
|
| 852 |
_aES-MaACL _cDEPO _dOlim: D-2674-79 _fEx-libris de Manuel González Salmón _hDonativo Roda _jR-444-49 _xPasta |
||
| 857 |
_uhttps://archive.org/details/bub_gb_go9pj9KgiXcC/page/n3/mode/2up _yVersión en línea _z(Internet Archive) |
||
| 942 |
_2udc _cMONANT _n0 |
||
| 999 |
_c154085 _d154085 |
||